Ion-beam based nanofabrication : symposium held April 10-12, 2007, San Francisco, California, U.S.A. /

Bibliographic Details
Corporate Authors: Materials Research Society. Fall Meeting, Symposium on Ion-Beamed-Based Nanofabrication
Other Authors: Ila, Daryush
Format: Conference Proceeding Book
Language:English
Published: Warrendale, Pa. : Materials Research Society, [2007]
Series:Materials Research Society symposia proceedings ; 1020.
Subjects:

MARC

Tag First Indicator Second Indicator Subfields
LEADER 00000cam a22000003a 4500
001 in00002339818
005 20151108050347.0
008 070914s2007 paua b 001 0 eng d
020 |a 1558999809 
020 |a 9781558999800 
035 |a (OCoLC)ocn171545013 
035 |a (OCoLC)171545013 
040 |a YDXCP  |c YDXCP  |d LHL  |d UtOrBLW 
049 |a TXAM 
090 |a QC702.7.B65  |b I675 2007 
245 0 0 |a Ion-beam based nanofabrication :  |b symposium held April 10-12, 2007, San Francisco, California, U.S.A. /  |c editors, Daryush Ila [and others]. 
264 1 |a Warrendale, Pa. :  |b Materials Research Society,  |c [2007] 
264 4 |c ©2007 
300 |a xi, 239 pages :  |b illustrations ;  |c 24 cm. 
336 |a text  |b txt  |2 rdacontent 
337 |a unmediated  |b n  |2 rdamedia 
338 |a volume  |b nc  |2 rdacarrier 
490 1 |a Materials Research Society symposia proceedings ;  |v v. 1020 
500 |a "Symposium GG, "Ion-beam based nanofabrication" was held April 10-12 at the 2007, MRS Spring Meeting, in San Francisco, California" -- preface (p. xi.) 
504 |a Includes bibliographical references and indexes. 
650 0 |a Ion bombardment  |v Congresses. 
650 0 |a Nanostructured materials  |v Congresses. 
650 0 |a Nanostructures  |v Congresses. 
700 1 |a Ila, Daryush. 
710 2 |a Materials Research Society.  |b Fall Meeting  |d (2007 :  |c San Francisco, Calif.) 
711 2 |a Symposium on Ion-Beamed-Based Nanofabrication  |d (2007 : San Francisco, Calif) 
830 0 |a Materials Research Society symposia proceedings ;  |v 1020. 
938 |a YBP Library Services  |b YANK  |n 100476259 
945 |a PromptCat  |b 253397 
946 |a stk 
947 |a A14836476888 
948 |a cataloged  |b h  |c 2007/10/31  |d c  |e dmartine  |f 2:50:27 pm 
994 |a 92  |b TXA 
999 |a MARS 
999 f f |s 1b5b9e9e-ecde-364a-b26e-2c1fb660908d  |i 899e638e-3087-3e35-8f95-8d0114be5510  |t 0 
952 f f |p ric  |a Texas A&M University  |b Rellis Campus  |c Joint Library Facility  |d Remote Storage  |t 0  |e QC702.7.B65 I675 2007  |h Library of Congress classification  |i unmediated -- volume  |m A14836476888 
998 f f |a QC702.7.B65 I675 2007  |t 0  |l Remote Storage